000 01138nam a22003377a 4500
003 CHAP
005 20220329141409.0
008 971013s1987 r 00010 d
010 _a67514
011 _a68486
035 _a77958
040 _cCHAP
090 _aTesis
100 0 0 _aFlores Ruvalcaba, José Santana.
_941729
245 _aEfecto de diferentes productos químicos en postcosecha de tallos florales de rosal (Rosa spp.)
260 _aChapingo, Méx. :
_bEl autor,
_c1987
300 _a71 h.
_b; gráfs.
500 _a24-142
502 _aTesis (Ing. Agrónomo Esp. en Fitotecnia) -- UACH. Departamento de Fitotecnia
590 _aALEPH
_b10
_c20130110
_lUCH01
_h1402
590 _aBATCH-UPD
_b10
_c20130110
_lUCH01
_h1933
590 _aBATCH-UPD
_b10
_c20130410
_lUCH01
_h1257
590 _aBATCH-UPD
_b10
_c20130914
_lUCH01
_h1419
590 _aCONVERSION
_b10
_c20130109
_lUCH01
_h1337
650 1 4 _aRosas
_xAlmacenamiento.
_999960
650 1 4 _aRosas
_xPreservación.
_999984
901 _aBK
942 _cFOLL
949 _bBC
_cTES
_d-30831
_eTS1
_h20591
_i77958
_si
949 _bBC
_cTES
_d-94634
_eTS2
_fc.2
_h20592
_i77958
_si
999 _c67514
_d67514